000 01381nam2a22002651 4500
001 v19\rc\1385070
005 20250618091954.0
035 _a(NLR Aleph) 004519108
090 _a4847972
_c4847972
100 _a20060512d1870 |||y0rusy50 ca
101 0 _arus
102 _aRU
105 _ay z |||||
200 1 _a... 15-го мая 1870 года
_aПротокол XIII...
210 _d[1870]
_aБ. м.
215 _aXVIII с.
_d40
461 0 _1001v19\rc\1385068
_12001#$aРечь г. председателя при открытии общего собрания г. г. акционеров...$aПротокол XII общего обыкновенного собрания акционеров Главного общества российских железных дорог 15/27 мая 1869 года$v... 15-го мая 1870 года
_94847957
_aГлавное о-во российских ж. д. (Петербург)
_c[Санкт-Петербург
_d1870]-1878
_tРечь г. председателя при открытии общего собрания г. г. акционеров...
_v... 15-го мая 1870 года
532 1 1 _aПротокол Тринадцатого...
801 0 _aRU
_bNLR
_gpsbo
801 0 _aRU
_bRuMoRGB
_2psbo
801 1 _aRU
_bProSoft-M
_2rusmarc
852 _aNLR
_j18.35.1.458
852 _aNLR
_j18.35.1.158
942 _cBOOK
980 _aNB